000 00719nam a2200289Ia 4500
005 20260324144937.0
008 008 260324s9999 xx 000 0 eng d
020 _a9780203021507
037 _aEBOOK
040 _aCRL
040 _beng
040 _cCRL
041 _2eng
041 _aeng
084 _qCRL
100 _aDavid Michael Levin
_91217998
245 4 _aThe Body's Recollection of Being
245 0 _bPhenomenological Psychology and the Deconstruction of Nihilism
260 _bTaylor and Francis
260 _c1985
365 _a
365 _b230
856 _uhttp://www.taylorfrancis.com/books/9780203021507
942 _cEBOOK
999 _c1828430
_d1828430